Распределённая система контроля технологического процесса переработки высокосернистой нефти; Современные технологии автоматизации; № 2

Podrobná bibliografie
Parent link:Современные технологии автоматизации: производственно-технический журнал.— , 2000-.— 0206-975X
№ 2.— 2004.— С. 46-51
Hlavní autor: Антропов Д.
Další autoři: Петров Т., Тяплашкин А.
Jazyk:ruština
Vydáno: 2004
Edice:Системная интеграция/Нефтегазовая промышленность
Témata:
Médium: Kapitola
KOHA link:https://koha.lib.tpu.ru/cgi-bin/koha/opac-detail.pl?biblionumber=392325

MARC

LEADER 00000naa2a2200000 4500
001 392325
005 20231101064240.0
035 |a (RuTPU)RU\TPU\prd\27518 
090 |a 392325 
100 |a 20040907a2004 k y0rusy50 ca 
101 0 |a rus 
102 |a RU 
200 1 |a Распределённая система контроля технологического процесса переработки высокосернистой нефти  |f Д. Антропов, Т. Петров, А. Тяплашкин 
225 1 |a Системная интеграция/Нефтегазовая промышленность 
461 1 |0 (RuTPU)RU\TPU\prd\1759  |x 0206-975X  |t Современные технологии автоматизации  |o производственно-технический журнал  |d 2000- 
463 1 |0 (RuTPU)RU\TPU\prd\26469  |t № 2  |v С. 46-51  |d 2004 
610 1 |a распределённые системы 
610 1 |a контроль технологических процессов 
610 1 |a переработка нефти 
610 1 |a высокосернистая нефть 
610 1 |a АСУТП 
700 1 |a Антропов  |b Д. 
701 1 |a Петров  |b Т. 
701 1 |a Тяплашкин  |b А. 
801 1 |a RU  |b 63413507  |c 20040907  |g PSBO 
801 2 |a RU  |b 63413507  |c 20131217  |g RCR 
942 |c BK